Aspekty špecifického postavenia územnej samosprávy v trhových podmienkach

Transformačný proces zasiahol aj správanie miest a obcí. Postavenie územnej samosprávy. Legislatívne a ekonomické predpoklady fungovania územnej samosprávy. Funkcie územnej samosprávy. Komunálna reforma. Základné články územnej samosprávy na Slovensku.

Salvato in:
Dettagli Bibliografici
Autore principale: Sedláková, Slavka
Natura: Capitolo di libro
Lingua:slovacco
Soggetti:
Tags: Aggiungi Tag
Nessun Tag, puoi essere il primo ad aggiungerne!!

MARC

LEADER 00000naa$a2200000$$$4500
001 0059685
005 20230918071324.9
041 0 |a slo 
044 |a SK 
245 1 0 |a Aspekty špecifického postavenia územnej samosprávy v trhových podmienkach  |c Slavka Sedláková 
520 |a Transformačný proces zasiahol aj správanie miest a obcí. Postavenie územnej samosprávy. Legislatívne a ekonomické predpoklady fungovania územnej samosprávy. Funkcie územnej samosprávy. Komunálna reforma. Základné články územnej samosprávy na Slovensku. 
610 2 0 |a samospráva 
610 2 0 |a samospráva regionálna 
610 2 0 |a hospodárstvo trhové 
610 2 0 |a reformy hospodárske 
610 2 0 |a legislatíva 
610 2 0 |a vyššie územné celky 
610 2 0 |a Slovensko 
100 1 |a Sedláková, Slavka